Can you remember the name of Jacksucksatlife's longest channel? - Statistics

General Stats
  • This quiz has been taken 164 times
  • The average score is 30 of 64
Answer Stats
Answer % Correct
JACKS
98%
EPIC
83%
CHANNEL
82%
YOUTUBE
82%
FULL
78%
FUN
78%
OF
78%
AND
76%
TIMES
76%
HI
73%
RICK
73%
X
73%
FUN
72%
HAS
63%
I
62%
NOTHING
61%
ME
60%
ON
60%
CHANNEL
58%
I
58%
MORE
58%
SUPERIOR
58%
AM
57%
HAVE
57%
THE
57%
THAN
54%
CHARACTERS
53%
JACKS
52%
ALL
51%
OF
51%
CHANNELS
50%
YOUTUBE
49%
COMBINED
46%
CHARACTERS
37%
I
37%
MORE
37%
THAN
37%
HAVE
36%
JACKSUCKSATLIFE
36%
JACKSUCKSATSTUFF
34%
JACKSUCKSATGEOGRAPHY
33%
HAHAHAHA
32%
JACKMASSEYWELSH
32%
JACKSUCKSATPOPUPPIRATE
29%
HI
28%
JACKSUCKSATCLIPS
28%
RICK
28%
SAMSMELLSOFAPRICOTS
28%
YOU
26%
A
24%
ON
24%
ETC
23%
THIS
23%
BTW
22%
CHRIST
22%
ETC
22%
IMAGINE
22%
JESUS
22%
MUCH
22%
PLAYBUTTON
22%
PLEASE
22%
SUBSCRIBE
22%
THANK
22%
VERY
21%
No matching quizzes found
Score Distribution
Percent of People with Each Score
Percentile by Number Answered
Your Score History
You have not taken this quiz